The Effect of Fiber Morphology on Tensile Strength Subjected to Ballistic Impact (Record no. 327432)
[ view plain ]
| 000 -LEADER | |
|---|---|
| fixed length control field | 00364 a2200121 4500 |
| 001 - CONTROL NUMBER | |
| control field | 92359 |
| 082 ## - DEWEY DECIMAL CLASSIFICATION NUMBER | |
| Classification number | PR 2583 |
| 090 ## - LOCALLY ASSIGNED LC-TYPE CALL NUMBER (OCLC); LOCAL CALL NUMBER (RLIN) | |
| -- | 44328 |
| -- | 44329 |
| 100 ## - MAIN ENTRY--PERSONAL NAME | |
| Personal name | Osama,Prof Haris Ali and Dr. M Babar (Advisors) |
| 245 ## - TITLE STATEMENT | |
| Title | The Effect of Fiber Morphology on Tensile Strength Subjected to Ballistic Impact |
| Number of part/section of a work | 79'A' EC |
| 260 ## - PUBLICATION, DISTRIBUTION, ETC. | |
| Place of publication, distribution, etc. | Islamabad |
| Name of publisher, distributor, etc. | NUST |
| Date of publication, distribution, etc. | 2015 |
| 300 ## - PHYSICAL DESCRIPTION | |
| Extent | xi,49p. |
| 942 ## - ADDED ENTRY ELEMENTS (KOHA) | |
| Institution code [OBSOLETE] | CAE NUST |
| Call number prefix | PR 2583 |
| Withdrawn status | Lost status | Damaged status | Not for loan | Collection code | Permanent Location | Current Location | Date acquired | Total Checkouts | Full call number | Barcode | Date last seen | Price effective from | Koha item type |
|---|---|---|---|---|---|---|---|---|---|---|---|---|---|
| College of Aeronautical Engineering (CAE) | College of Aeronautical Engineering (CAE) | 04/03/2017 | PR 2583 | CAEPR-2583 | 04/05/2017 | 04/05/2017 | Book |
